000
00318 a2200145 4500
001
59947
020
_a
9783126757775
040
_c
Anchieta - Pituba
240
1
0
_a
Wir plus
_l
por
245
1
0
_a
Wir plus
300
_a
247
362
0
_a
2012
650
4
_a
Línguas germânicas (teutônicas) língua alemã
942
_c
BK
999
_c
59947
_d
59947